Sehenswürdigkeiten in Hamburg - Statistiken

Allgemein
  • Dieses Quiz wurde 50 mal gespielt
  • Das Durchschnittsergebnis liegt bei 10 aus 16
Antwortstatistiken
Bildquiz Antwort % Korrekt
Hauptkirche Sankt Michaelis
93%
Reeperbahn
93%
Elbphilharmonie
91%
Rathaus
91%
Altonaer Fischmarkt
80%
Alstersee
76%
Volksparkstadion
76%
St. Pauli-Landungsbrücken
70%
Hamburger Dom
67%
Millerntor-Stadion
61%
Tierpark Hagenbeck
59%
St.-Pauli-Elbtunnel
50%
Tanzende Türme
20%
U-434
17%
Heinrich-Hertz-Turm
9%
Planten un Blomen
7%
Keine übereinstimmenden Quizze gefunden
Verteilung der Resultate
Anzahl Personen mit jedem Resultat
Perzentil nach korrekt beantworteten Fragen
Ihre Resultats-Entwicklung
Sie haben dieses Quiz noch nicht gespielt